Bands/Singers with 10 or more #1 hits - Statistics

General Stats
  • This quiz has been taken 118 times
  • The average score is 5 of 10
Answer Stats
Amount Answer % Correct
20 The Beatles
95%
13 Michael Jackson
72%
18 Elvis Presley
68%
12 Madonna
64%
18 Mariah Carey
54%
10 Janet Jackson
48%
14 Rihanna
42%
11 Whitney Houston
41%
10 Stevie Wonder
17%
12 The Supremes
16%
No matching quizzes found
Score Distribution
Percent of People with Each Score
Percentile by Number Answered
Your Score History
You have not taken this quiz